| 000 | 01016cam a2200241 4500 | ||
|---|---|---|---|
| 008 | 000000n1999 000 0 eng u | ||
| 020 | _a0952971437 | ||
| 035 | _a(Sirsi) u105621 | ||
| 050 | _a381.45000285 | ||
| 100 |
_aBowen, David _xEditor |
||
| 245 | 4 | _aThe Daily Telegraph electronic business manual : how to make the internet work for your business | |
| 260 |
_aLondon _bNet Profit Publications _c1999 |
||
| 300 | _a346p. ; 24cm. | ||
| 350 | _a19.95 | ||
| 520 | _aDevised for non-technical managers struggling to understand the potential of the commercial Internet, this book provides executives in companies of all sizes with the information needed to get involved with the Internet, to develop a strategy and to use the medium to it's full. Includes a list of useful contacts. | ||
| 650 | _aE-COMMERCE | ||
| 650 | _aELECTRONIC COMMERCE | ||
| 650 | _aWORLDWIDE WEB | ||
| 650 | _aINTERNET | ||
| 650 | _aWEBSITES | ||
| 690 | _aMANAGEMENT-BUSINESS MANAGEMENT-INFORMATION MANAGEMENT | ||
| 942 | _n0 | ||
| 999 |
_c100452 _d100452 |
||